• 首页
  • 本馆介绍
  • 公告通知
  • 最新文献
  • 馆藏检索
  • 电子资源
  • 读者导购
  • 参考咨询
  • 我的图书馆
  • 登录
  • 详细信息显示
  • 放入我的书架
  • 预约/预借图书
  • 作者相关作品
  • 分类相关作品
  • 丛书相关作品
  • 出版社相关作品

书目信息

  • 表格格式
  • 工作单格式
  • 卡片格式
题名:
阿拉伯史纲
    
 
作者: 郭应德
分册:  
出版信息: 北京   经济出版社  1997
页数: 528
开本: 20cm
丛书名: 东方文化集成
单 册:
中图分类: K387
科图分类:
主题词: 亚洲--历史
电子资源:
ISBN: 7-80127-252-8
000 00539nam0 2200205 450
001 0757995392
005 20071007160635.39
010    @a7-80127-252-8@d38
100    @a20071007d km y0chiy0120 ea
101 0  @achi
200 1  @a阿拉伯史纲@Aa la bo shi gang@f郭应德@Fguo ying de
210    @a北京@c经济出版社@d1997
215    @a528@d20cm
225 2  @a东方文化集成
410  0 @12001 @a东方文化集成
606 0  @a亚洲@x历史
690    @aK387@v3
701  0 @a郭应德@Aguo ying de
801  0 @aCN@bPFT@c20071007
905    @a213230@dK387@ea4@f1
    
    阿拉伯史纲/郭应德.-北京:经济出版社,1997
    528;20cm.-(东方文化集成)
    
    
    ISBN 7-80127-252-8:38
    
●
相关链接 在E读中查询图书 在五车中查询图书 在当当中查询图书 在豆瓣中查询图书


正题名:阿拉伯史纲     索取号:K387/a4         预约/预借

序号 登录号 条形码 馆藏地/架位号 状态 备注
1 7508743   275087433   史法系资料室/ [索取号:K387/a4] 在馆    
唐山师范学院图书馆 欢迎您!
大连网信软件有限公司© 版权所有